000 00630nam a2200145Ia 4500
008 100204s9999 xx 000 0 und d
082 _b9335
100 _aशेळके शांता ज.
245 _aरत्नाकर मतकरींच्या निवडक गूढकथा
260 _b"मीनल प्रकाशन , कोल्हापूर"
_c1982
300 _a242
630 _aरत्नाकर मतकरींच्या निवडक गूढकथा
730 _aरत्नाकर मतकरींच्या निवडक गूढकथा
942 _cBOOK
999 _c453771
_d453768